00636nam a2200181 a 450000100100000000500170001000800410002702000150006804000250008324500700010825000130017826000500019130000170024150000380025870000360029695201050033299900170043700003719920200930080213.0120229s1980 mx 000 0 spa d a9682305195 aDO-SdBNPbspacBNPHU04aLos Estados Unidos de América. /ccompilador, Willi Paul Adams. a4ta. ed. aMéxico, :bSiglo veintiuno editores,c1980. av. ;c18 cm. ala biblioteca posee el volumen 301 aAdams, Willi Paulecomp.963611 001050718MOaGRbGRcCTd2012-02-29iLF1l0o p37199-10r2020-06-25w2020-06-25y1ZNo se presta c36689d36689